| 000 | 00414nam a2200121Ia 4500 | ||
|---|---|---|---|
| 008 | 180116s9999 xx 000 0 und d | ||
| 020 | _a9781119012993 | ||
| 100 | _aSimon, Toby | ||
| 245 |
_cToby L. Simon, Jeffrey McCullough, Edward Snyder, Bjarte G. Solheim, Ronald G. Stauss _aRossi's Principles of Transfusion Medicine / |
||
| 250 | _a5th ed | ||
| 260 |
_aUK _bJohn Wiley & Sons, Ltd _c2009 |
||
| 300 | _a733 pages | ||
| 999 |
_c353250 _d353250 |
||